Návrh opatrení pre podrobnejšie sledovanie a využívanie nákladov v riadení spoločnosti Štiavnické strojárne, spol. s r.o. Banská Štiavnica = The need for detailed monitoring of costs from different perspectives for economical management of company Štiavnické strojárne spol. s r.o. Banská Štiavnica : Bakalárska práca

Gespeichert in:
Bibliographische Detailangaben
1. Verfasser: Demian, Peter, 1986- (Verfasst von)
Weitere Verfasser: Bestvinová, Viera, 1958- (xxx)
Format: Manuskript Buch
Sprache:Slowakisch
Veröffentlicht: Trnava : STU v Bratislave MTF UPMK, 2008
Schlagworte:
Tags: Tag hinzufügen
Keine Tags, Fügen Sie das erste Tag hinzu!

MARC

LEADER 00000ntm a22000003a 4500
001 stu172577
005 20160719155933.8
008 081014s2008----xo------------------slo-d
040 |a STU  |b slo 
041 0 |a slo 
044 |a xo 
100 1 |a Demian, Peter,  |d 1986-  |4 aut  |X 24120  |7 A000024120 
245 1 |a Návrh opatrení pre podrobnejšie sledovanie a využívanie nákladov v riadení spoločnosti Štiavnické strojárne, spol. s r.o. Banská Štiavnica = The need for detailed monitoring of costs from different perspectives for economical management of company Štiavnické strojárne spol. s r.o. Banská Štiavnica :  |b Bakalárska práca 
260 |a Trnava :  |b STU v Bratislave MTF UPMK,  |c 2008 
300 |a 51 s  |c príl (1 CD-ROM) 
500 |a Študijný program: priemyselné manažérstvo 
500 |a Študijný odbor: 5.2.52 priemyselné inžinierstvo 
650 7 |a ekonomické riadenie  |2 stusub 
650 7 |a náklady  |2 stusub 
700 1 |a Bestvinová, Viera,  |d 1958-  |4 xxx  |u M4000  |U MTF Materiálovotechnologická fakulta  |T MTF Ústav priemyselného inžinierstva a manažmentu  |X 1541  |U M4000  |Y 84  |7 A000001541 
996 |b 284M068845  |c M*BP-3603  |l MMSKP  |s P  |a 0  |w stu172577_0001